|
|
|
|
| LEADER |
00000cam a2200000 7i4500 |
| 001 |
0000020521 |
| 005 |
20230205093000.0 |
| 008 |
021119n |
| 090 |
0 |
0 |
|a lt372
|
| 110 |
2 |
|
|a Affin Holdings Berhad
|
| 245 |
1 |
0 |
|a Laporan tahunan .
|l annual report
|c Affin Holdings Berhad
|
| 260 |
2 |
|
|a Kuala Lumpur :
|b Affin Holdings Berhad ,
|c [19--]-
|
| 310 |
|
|
|a Annual
|
| 610 |
2 |
0 |
|a Affin Holdings Berhad
|v Periodicals
|
| 650 |
|
0 |
|a Corporation reports
|z Malaysia
|
| 650 |
|
0 |
|a Holding companies
|z Malaysia
|v Periodicals
|
| 740 |
0 |
0 |
|a Annual report /
|c Affin Holdings Berhad
|
| 999 |
|
|
|a 1000073524
|b Serials
|c Reference
|e Gong Badak Campus
|